000 00594nam a2200217Ia 4500
003 OSt
005 20220926043426.0
006 a|||||r|||| 00| 0
007 ta
008 220923b |||||||| |||| 00| 0 eng d
037 _cGeneral Book
040 _aRTL
_cRTL
_beng
041 _2eng
_aeng
082 _aX9J452:9:41:N5, H0
100 _aChen Han-Seng
_9347725
245 0 _aIndustrial capital and chinese peasants
_b A study
260 _c1940
650 _aTabacco
_9298934
942 _hX9J452:9:41:N5, H0
_cGB
_2CC
999 _c672309
_d672309